Founded on care : (Registro nro. 2785)
[ vista simple ]
| 000 -LEADER | |
|---|---|
| campo de control de longitud fija | 00574nam a22001937a 4500 |
| 001 - NÚMERO DE CONTROL | |
| campo de control | 2785 |
| 003 - IDENTIFICADOR DE NÚMERO DE CONTROL | |
| campo de control | HMS |
| 005 - FECHA Y HORA DE LA ÚLTIMA TRANSACCIÓN | |
| campo de control | 20250925161652.0 |
| 008 - DATOS DE LONGITUD FIJA--INFORMACIÓN GENERAL | |
| campo de control de longitud fija | 250925e2004 cl a|||frnt|| 001 0 spa |
| 040 ## - FUENTE DE CATALOGACIÓN | |
| Centro catalogador/agencia de origen | hms |
| Centro/agencia transcriptor | hms |
| 082 04 - NÚMERO DE LA CLASIFICACIÓN DECIMAL DEWEY | |
| Número de clasificación | WV270 D371 |
| 100 1# - ENTRADA PRINCIPAL--NOMBRE DE PERSONA | |
| Nombre de persona | Demant, William |
| 9 (RLIN) | 4304 |
| 245 10 - MENCIÓN DEL TÍTULO | |
| Título | Founded on care : |
| Resto del título | Oticon through 100 years / |
| Mención de responsabilidad, etc. | William Demant. |
| Medio | [libro] |
| 260 ## - PUBLICACIÓN, DISTRIBUCIÓN, ETC. | |
| Lugar de publicación, distribución, etc. | [S.I]: |
| Nombre del editor, distribuidor, etc. | Printed Bording, |
| Fecha de publicación, distribución, etc. | 2004 |
| 300 ## - DESCRIPCIÓN FÍSICA | |
| Extensión | 83 páginas : |
| Otras características físicas | ilustraciones ; |
| Dimensiones | 2004 |
| 500 ## - NOTA GENERAL | |
| Nota general | Incluye índice |
| 650 #7 - PUNTO DE ACCESO ADICIONAL DE MATERIA--TÉRMINO DE MATERIA | |
| Término de materia o nombre geográfico como elemento de entrada | Trastornos de la audición |
| Subdivisión general | Audífonos |
| 9 (RLIN) | 4305 |
| 942 ## - ELEMENTOS DE ENTRADA SECUNDARIOS (KOHA) | |
| Fuente del sistema de clasificación o colocación | Clasificación de Library of Congress |
| Tipo de ítem Koha | Colección Médica |
| Suprimir en OPAC | No |
| Estatus retirado | Estado de pérdida | Fuente del sistema de clasificación o colocación | Estado de daño | No para préstamo | Colección | Biblioteca de origen | Biblioteca actual | Ubicación en estantería | Fecha de adquisición | Fuente de adquisición | Número de inventario | Total de préstamos | Signatura topográfica completa | Código de barras | Visto por última vez | Copia número | Precio de reemplazo | Tipo de ítem Koha |
|---|---|---|---|---|---|---|---|---|---|---|---|---|---|---|---|---|---|---|
| Clasificación de Library of Congress | Colección Reserva | Biblioteca Hospital Militar de Santiago | Biblioteca Hospital Militar de Santiago | Full Space | 25/09/2025 | Donación | 001979 | WV270 D371 2004 | 001979 | 25/09/2025 | c.1 | 25/09/2025 | Colección Médica |
